WATER PROBLEM AND ITS MANAGEMENT (Record no. 9140)

MARC details
000 -LEADER
fixed length control field 00403nam a22001577a 4500
003 - CONTROL NUMBER IDENTIFIER
control field SGT
020 ## - INTERNATIONAL STANDARD BOOK NUMBER
International Standard Book Number 9788178710334
082 ## - DEWEY DECIMAL CLASSIFICATION NUMBER
Classification number 553.7, YAD
100 ## - MAIN ENTRY--PERSONAL NAME
Personal name YADAV SATISH
245 ## - TITLE STATEMENT
Title WATER PROBLEM AND ITS MANAGEMENT
260 ## - PUBLICATION, DISTRIBUTION, ETC. (IMPRINT)
Place of publication, distribution, etc NEW DELHI
Name of publisher, distributor, etc HOPE INDIA
Year of Publication 2003
300 ## - PAGE DESCRIPTION
No. of Pages 148
650 ## - SUBJECT ADDED ENTRY--TOPICAL TERM
Topical term or geographic name as entry element WATER
653 ## - KEYWORDS--INDEX TERM
Keyword term INTRODUCTION, THE PROBLEM, THE SOLUTIONS, WATER AS A HUMAN RIGHT
942 ## - ADDED ENTRY ELEMENTS (KOHA)
Source of classification or shelving scheme Dewey Decimal Classification
Koha item type FCM Books
Holdings
Withdrawn status Lost status Source of classification or shelving scheme Damaged status Not for loan Home library Current library Shelving location Date acquired Vendor Name Cost, normal purchase price SGTU Total Checkouts Full call number Accession No. (Barcode) Date last seen Bill Date Koha item type
    Dewey Decimal Classification     SGT Science & Social Sciences Library SGT Science & Social Sciences Library Text Book 18/06/2016 DONATE BY DR. SUMER SINGH PVC SGT UNIVERSITY 275.00 SGTU   553.7, YAD CM225 18/06/2016 18/06/2016 FCM Books